| 000 | 00455nam a2200181Ia 4500 | ||
|---|---|---|---|
| 008 | 180921t2005 xxu||||| |||| 00| 0 sin d | ||
| 041 | _asin | ||
| 080 |
_a656.8 _bMAN |
||
| 100 | _aManage,Pramasiri | ||
| 245 | _aතැපැලේ රසකතා | ||
| 246 | _aThaepaele rasa katha | ||
| 260 |
_bS. Godage _acolombo _c2005 |
||
| 300 | _a79p., 22 cm | ||
| 650 | _aPostal | ||
| 942 | _cBK | ||
| 999 |
_c14263 _d14263 |
||
| 003 | LK-CoDNM | ||
| 040 |
_aLK-CoDNM _dLK-CoDNM _eLK-CoDNM |
||